Datum a čas kvízu
26
Celkem bodů
Celkový počet nahraných bodů na tomto kvízu bez doplňovacích otázek.
4.
Pořadí na kvízu
Konečné umístění týmu na tomto kvízu.
Zaznamenané odpovědi
| # | Otázka | Odpověď | Body | Výsledky |
|---|---|---|---|---|
| 1. | Do pražských ulic vyjela tramv... | 1 | ||
| 2. | Thajská vesmírná agentura plán... | 1 | ||
| 3. | Moderátorský tým motoristickéh... | 1 | ||
| 4. | Známá společnost v úterý otevř... | 1 | ||
| 5. | Majitel anglického fotbalového... | 0 | ||
| 6. | Toto téma je dalším, které jst... | 0 | ||
| 7. | Napište název básně ze sbírky... | 0 | ||
| 5. | Doplňte zcela přesně jméno z t... | 0 | ||
| 5. | Jak se jmenoval levicový uměle... | 0 | ||
| 10. | Jakub Arbes, mladší kolega a p... | 0 |